Obálka Náhled e-knihy:
Epub
Pro půjčování e-knih musíte být přihlášeni.
Jak si půjčit online?

Strážce boleslavského mysteria /

Tajuplný detektivní příběh o zločinech ve středověkých Čechách znovu uvádí na scénu Oldřicha z Chlumu, královského prokurátora.

Uloženo v:
Série:Hříšní lidé Království českého, část 8
Hlavní autor: Vondruška, Vlastimil, 1955- (Autor)
Médium: E-kniha
Jazyk:Czech
Vydáno: Brno : MOBA, [2011]
Vydání:Vydání druhé
Edice:Hříšní lidé Království českého (MOBA)
Témata:
Příbuzné jednotky:Z cyklu:: Hříšní lidé Království českého
Tagy:
Žádné tagy
LEADER 02816nam a2200481 i 4500
001 305908
003 CZ PrSKC
005 20260601215542.0
007 ta
008 260420t20112011xr g 000 f cze
015 |a cnb002174378 
020 |a 9788024343341  |q (vázáno) 
035 |a (OCoLC)730408023 
040 |a ABG001  |b cze  |e rda 
072 7 |a 821.162.3-3  |x Česká próza  |2 Konspekt 
080 |a 821.162.3-31  |2 MRF 
080 |a (0:82-311.6)  |2 MRF 
080 |a (0:82-312.4)  |2 MRF 
100 1 |a Vondruška, Vlastimil,  |d 1955-  |7 xx0004129  |4 aut 
245 1 0 |a Strážce boleslavského mysteria /  |c Vlastimil Vondruška 
250 |a Vydání druhé 
264 1 |a Brno :  |b MOBA,  |c [2011] 
264 4 |c ©2011 
300 |a 283 stran ;  |c 21 cm 
336 |a text  |b txt  |2 rdacontent 
337 |a bez média  |b n  |2 rdamedia 
338 |a svazek  |b nc  |2 rdacarrier 
490 1 |a Hříšní lidé Království českého 
520 2 |a Tajuplný detektivní příběh o zločinech ve středověkých Čechách znovu uvádí na scénu Oldřicha z Chlumu, královského prokurátora.  |b V malé osadě Tajná je z neznámých příčin vypálen vladykův dvorec a všichni jeho obyvatelé kromě vladykovy dcery jsou vyvražděni. Královský prokurátor se snaží přijít na kloub celé tragické události, spojené s tajemným bratrstvem zasvěceným sv. Václavovi a s jeho údajnými přímými potomky. Ve složitém pátrání mu kromě panoše, velitele stráží a odvážné choti pomáhají i zápisky starých kronik. Když se však do případu vloží sám král Přemysl II. Otakar, jde Oldřichovi doslova o život i o kariéru a na svou obhajobu musí vynaložit veškerou statečnost a diplomacii. Tradičně napínavé a vtipné čtení je tentokrát ozvláštněno překvapivou variantou svatováclavské legendy a přináší nový pohled na počátky přemyslovského rodu. 
655 7 |a české romány  |7 fd133974  |2 czenas 
655 7 |a historické romány  |7 fd132414  |2 czenas 
655 7 |a detektivní romány  |7 fd132010  |2 czenas 
655 9 |a Czech fiction  |2 eczenas 
655 9 |a historical novels  |2 eczenas 
655 9 |a detective novels  |2 eczenas 
710 2 |a Nakladatelství MOBA  |7 ko2011627903  |4 pbl 
787 0 8 |i Z cyklu:  |t Hříšní lidé Království českého  |g 8 
830 0 |a Hříšní lidé Království českého (MOBA) 
900 |a ABG001  |b 19 
044 |a xr 
910 |a RBIT002 
998 |d 3897  |a https://core.palmknihy.cz/api/books/3897/cover?a1redb  |b https://core.palmknihy.cz/api/books/3897/cover/400?m9cnpo  |c https://core.palmknihy.cz/api/books/3897/cover/50?dthlxx  |e 2030-12-31  |g 288  |i 9788024343341  |j https://core.palmknihy.cz/api/books/3897/preview.epub  |l   |q 49  |r 1  |s https://www.palmknihy.cz/kniha/3897  |t ebook  |y 2011  |z 0  |v Hříšní lidé Království českého  |w 8 
999 |d 305906